00962pam a2200277 a 4500001000500000005001700005020001500022040002300037050001300060082001200073100001600085245015300101250002900254260003400283300004700317505000800364520008400372521002000456521002000476650004200496650005000538650001900588650002500607650002000632700003200652287720240119145422.0 a0590491733 aDLCcDLCdDLCbeng00aLC208.W400a370.196 aCheltenham 00aWe are all alike-- we are all different /cwritten and illustrated by the Cheltenham Elementary School kindergartners ; photographs by Laura Dwight. aFirst Published in 1991  aNew York :bScholastic,c1991 a31 pages : bcolor illustrations ;c26 cm. aE  aKindergarten children describe the likenesses and differences among themselves. a200 bLexile  aE bRaz-Plus  0aSchool childrenxJuvenile literature. 0aMulticultural educationxJuvenile literature. 1aIndividuality. 1aChildren's writings. 1aChildren's art.1 aDwight, Lauraephotographer